Matt Damon Movies Quiz Stats

 Plays Quiz Updated Jan 1, 2019

Challenge
Share
Tweet
Embed
Score 0/56 Timer 07:00
7 Plays Today
Year Movie % Correct
2002The Bourne Identity
93.9%
2004The Bourne Supremacy
88.8%
2007The Bourne Ultimatum
88.5%
1997Good Will Hunting
85%
2015The Martian
83.1%
2016Jason Bourne
80.2%
2001Ocean's Eleven
78.7%
2004Ocean's Twelve
78.3%
2007Ocean's Thirteen
77.5%
2006The Departed
57.9%
2014Interstellar
55.2%
1999Dogma
54.8%
2011We Bought a Zoo
52.4%
2017Downsizing
50.4%
1999The Talented Mr. Ripley
47.7%
1998Saving Private Ryan
47.6%
2016The Great Wall
46.6%
2013Elysium
39.8%
1998Rounders
35%
2003Stuck on You
34.7%
2014The Monuments Men
34.5%
2017Suburbicon
34.4%
2001Jay and Silent Bob Strike Back
33.6%
2005The Brothers Grimm
33.5%
2009The Informant!
33.1%
2009Invictus
30.6%
2006The Good Shepherd
27.3%
1992School Ties
26.6%
Year Movie % Correct
1997Chasing Amy
26.3%
2011Happy Feet Two
26%
2000The Legend of Bagger Vance
24.9%
2010Green Zone
24.9%
2004Eurotrip
23.6%
1997The Rainmaker
22%
1988Mystic Pizza
21.8%
1996Courage Under Fire
20.8%
2010True Grit
20.2%
2012Promised Land
20.1%
2005Syriana
20.1%
2013Behind the Candelabra
19.7%
2011The Adjustment Bureau
18.4%
2004Jersey Girl
18%
2000All the Pretty Horses
15.4%
2000Titan A.E.
15.1%
2013The Zero Theorem
14.8%
2011Contagion
13.1%
2000Finding Forrester
12.6%
2010Hereafter
12.5%
2002Spirit: Stallion of the Cimarron
11.8%
2003Gerry
11.6%
1993Geronimo: An American Legend
9.1%
2002Confessions of a Dangerous Mind
9%
2001The Majestic
8.7%
1996Glory Daze
7.7%
2011Margaret
5.8%
1990Rising Son
5.4%

You're not logged in!

Compare scores with friends on all Sporcle quizzes.
OR
Log In

You Might Also Like...

Show Comments

Extras

Top Quizzes Today


Score Distribution

Your Account Isn't Verified!

In order to create a playlist on Sporcle, you need to verify the email address you used during registration. Go to your Sporcle Settings to finish the process.

Report this User

Report this user for behavior that violates our Community Guidelines.

Details: